L'emergence des start-up /

Bibliographic Details
Main Author: Heller, David, (Author)
Format: eBook
Language:French
Published: London, England : ISTE Editions Ltd., [2019]
Series:Serie Finance moderne, innovation manageriale et croissance economique ; Volume 1
Subjects:
Online Access:Click to View
LEADER 01721nam a2200397 i 4500
001 EBC6482823
003 MiAaPQ
005 20220528094253.0
006 m o d |
007 cr cnu||||||||
008 220528s2019 enk ob 001 0 fre d
020 |z 9781784055950  |q (print) 
020 |a 9781784065959  |q (electronic bk.) 
035 |a (MiAaPQ)EBC6482823 
035 |a (Au-PeEL)EBL6482823 
035 |a (OCoLC)1239984128 
040 |a MiAaPQ  |b eng  |e rda  |e pn  |c MiAaPQ  |d MiAaPQ 
050 4 |a HD62.5  |b .H455 2019 
082 0 |a 658.11  |2 23 
100 1 |a Heller, David,  |e author. 
245 1 2 |a L'emergence des start-up /  |c David Heller [and three others]. 
264 1 |a London, England :  |b ISTE Editions Ltd.,  |c [2019] 
264 4 |c Ã2019 
300 |a 1 online resource (ix, 146 pages). 
336 |a text  |b txt  |2 rdacontent 
337 |a computer  |b c  |2 rdamedia 
338 |a online resource  |b cr  |2 rdacarrier 
490 0 |a Serie Finance moderne, innovation manageriale et croissance economique ;  |v Volume 1 
504 |a Includes bibliographical references and index. 
588 |a Description based on print version record. 
590 |a Electronic reproduction. Ann Arbor, MI : ProQuest, 2018. Available via World Wide Web. Access may be limited to ProQuest affiliated libraries. 
650 0 |a New business enterprises. 
655 4 |a Electronic books. 
776 0 8 |i Print version:  |a Heller, David.  |t Emergence des start-up.  |d London, England : ISTE Editions Ltd., c2019   |h ix, 146 pages   |k Serie Finance moderne, innovation manageriale et croissance economique ; Volume 1   |z 9781784055950 
797 2 |a ProQuest (Firm) 
856 4 0 |u https://ebookcentral.proquest.com/lib/matrademy/detail.action?docID=6482823  |z Click to View